00523nam a22001697a 450000500170000001000140001702000270003103500130005803700130007108200150008424500980009926000480019727000450024530000280029050000190031870000160033720100728115112.0 aENG-96987 a9788184502114c1150.00 aEN-80520 bDBAD/PUB a305.420954 aGlobalization and women empowerment :bmultidimensional approaches /c Edited by Bipin Kumar  aNew DelhibDeep and Deep Publicationsc2009 aF-159, Rajouri GardenbNew Delhie1100273 axvi , 313p.c23 cm (Hb) aincludes index aBipin Kumar